<?xml version="1.0" encoding="UTF-8"?>
<record
    xmlns:xsi="http://www.w3.org/2001/XMLSchema-instance"
    xsi:schemaLocation="http://www.loc.gov/MARC21/slim http://www.loc.gov/standards/marcxml/schema/MARC21slim.xsd"
    xmlns="http://www.loc.gov/MARC21/slim">

  <leader>03244cam a22004215i 4500</leader>
  <controlfield tag="001">18462067</controlfield>
  <controlfield tag="005">20220326193332.0</controlfield>
  <controlfield tag="008">140829s2014    pe            000 0 spa  </controlfield>
  <datafield tag="010" ind1=" " ind2=" ">
    <subfield code="a">  2014422971</subfield>
  </datafield>
  <datafield tag="020" ind1=" " ind2=" ">
    <subfield code="a">9789972718397</subfield>
  </datafield>
  <datafield tag="020" ind1=" " ind2=" ">
    <subfield code="a">9972718395</subfield>
  </datafield>
  <datafield tag="035" ind1=" " ind2=" ">
    <subfield code="a">(CVcHKB)hkb20010103900</subfield>
  </datafield>
  <datafield tag="040" ind1=" " ind2=" ">
    <subfield code="a">DLC</subfield>
    <subfield code="b">eng</subfield>
    <subfield code="c">DLC</subfield>
    <subfield code="e">rda</subfield>
  </datafield>
  <datafield tag="041" ind1="0" ind2=" ">
    <subfield code="a">spa</subfield>
    <subfield code="a">eng</subfield>
  </datafield>
  <datafield tag="042" ind1=" " ind2=" ">
    <subfield code="a">pcc</subfield>
  </datafield>
  <datafield tag="082" ind1=" " ind2=" ">
    <subfield code="a">708</subfield>
    <subfield code="b">Z631c</subfield>
  </datafield>
  <datafield tag="100" ind1="1" ind2=" ">
    <subfield code="a">Zevallos, Sergio,</subfield>
    <subfield code="e">artist.</subfield>
    <subfield code="9">3241</subfield>
  </datafield>
  <datafield tag="245" ind1="1" ind2="3">
    <subfield code="a">Un cuerpo ambulante :</subfield>
    <subfield code="b">Sergio Zevallos en el Grupo Chaclacayo (1982-1994) = A wandering body : Sergio Zevallos in the Grupo Chaclacayo (1982-1994) /</subfield>
    <subfield code="c">[curadur&#xED;a : Miguel A. L&#xF3;pez].</subfield>
  </datafield>
  <datafield tag="246" ind1="3" ind2="0">
    <subfield code="a">Sergio Zevallos en el Grupo Chaclacayo (1982-1994)</subfield>
  </datafield>
  <datafield tag="246" ind1="3" ind2="1">
    <subfield code="a">Wandering body :</subfield>
    <subfield code="b">Sergio Zevallos in the Grupo Chaclacayo (1982-1994)</subfield>
  </datafield>
  <datafield tag="300" ind1=" " ind2=" ">
    <subfield code="a">158, (160) p&#xE1;gs. :</subfield>
    <subfield code="b"> ill. (col.) ;</subfield>
    <subfield code="c">24 cm</subfield>
  </datafield>
  <datafield tag="500" ind1=" " ind2=" ">
    <subfield code="a">"Museo de Arte de Lima-MALI, 16 de noviembre de 2013- 23 de marzo de 2014. Centro Cultural de Espa&#xF1;a-Lima, 16 de noviembre de 2013-19 de enero de 2014.W&#xFC;ttembergischer Kunstverein Stuttgart, Alemania, 18 de octubre de 2014-11 de enero de 2015" --Verso T.p.</subfield>
  </datafield>
  <datafield tag="504" ind1=" " ind2=" ">
    <subfield code="a">Includes bibliographical references (pages 152-156).</subfield>
  </datafield>
  <datafield tag="505" ind1="8" ind2=" ">
    <subfield code="a">Exorcismos t&#xF3;xicos: Sergio Zevallos en el Grupo Chaclacayo = Toxic exorcisms: Sergio Zevallos in the Grupo Chaclacayo -- La frialdad del &#xE9;xtasis = Cold ecstacy / Fernanda Carvajal -- Hacer el amor con el cuerpo de la necro poltica: la prctica artstica del Grupo Chaclacayo en el l&#xED;mite de la soberan&#xED;a = Making love to the necropolitical body: the artistic practice of the Grupo Chaclacayo in the limits of sovereignty / Beatriz Preciado -- Guerra, intimidad y deseo distante. Conversaci&#xF3;n sobre el Grupo Chaclacayo, antes y despu&#xE9;s = War, intimacy and distant desire. Conversation with Grupo Chaclacayo, before and after -- Documentos (art&#xED;culos y prensa) = Documents (articles and press clippings).</subfield>
  </datafield>
  <datafield tag="520" ind1=" " ind2=" ">
    <subfield code="a">Exhibition catalogue comprising a large set of drawings, collages, musical scores, photographs and videos, many of them unpublished. The exhibition follows the work of Sergio Zevallos (b. Lima, 1962) produced as part of his experience in Grupo Chaclacayo, along with German artist Helmut Psotta and Peruvian artist Ra&#xFA;l Avellaneda. This artistic collective was pioneer in Peruvian art performance and one of the most active during the 1980's in the country, developing a visceral and provocative work that responded to the crimes and violence of the armed conflict, but also socially ingrained sexual and racial discrimination.</subfield>
  </datafield>
  <datafield tag="546" ind1=" " ind2=" ">
    <subfield code="a">In Spanish and English.</subfield>
  </datafield>
  <datafield tag="600" ind1="1" ind2="0">
    <subfield code="a">Zevallos, Sergio</subfield>
    <subfield code="v">Exhibitions.</subfield>
    <subfield code="9">3242</subfield>
  </datafield>
  <datafield tag="600" ind1="1" ind2="0">
    <subfield code="a">Zevallos, Sergio</subfield>
    <subfield code="v">Exhibiciones</subfield>
    <subfield code="9">3243</subfield>
  </datafield>
  <datafield tag="610" ind1="2" ind2="0">
    <subfield code="a">Grupo Chaclacayo</subfield>
    <subfield code="v">Exhibitions.</subfield>
    <subfield code="9">3244</subfield>
  </datafield>
  <datafield tag="650" ind1=" " ind2="0">
    <subfield code="a">Performance art</subfield>
    <subfield code="v">Exhibitions.</subfield>
    <subfield code="z">Per&#xFA;</subfield>
    <subfield code="9">3245</subfield>
  </datafield>
  <datafield tag="650" ind1=" " ind2="0">
    <subfield code="a">Art, Modern</subfield>
    <subfield code="y">21st century</subfield>
    <subfield code="v">Exhibitions.</subfield>
    <subfield code="9">442</subfield>
  </datafield>
  <datafield tag="650" ind1=" " ind2="0">
    <subfield code="a">Grupo Chaclacayo</subfield>
    <subfield code="v">Exhibiciones</subfield>
    <subfield code="z">Per&#xFA;</subfield>
    <subfield code="9">3246</subfield>
  </datafield>
  <datafield tag="650" ind1=" " ind2="0">
    <subfield code="a">Performance (Arte)</subfield>
    <subfield code="v">Exhibiciones</subfield>
    <subfield code="z">Per&#xFA;</subfield>
    <subfield code="9">3247</subfield>
  </datafield>
  <datafield tag="700" ind1="1" ind2=" ">
    <subfield code="a">L&#xF3;pez, Miguel &#xC1;ngel,</subfield>
    <subfield code="e">editor of compilation,</subfield>
    <subfield code="e">curador.</subfield>
    <subfield code="9">3248</subfield>
  </datafield>
  <datafield tag="710" ind1="2" ind2=" ">
    <subfield code="a">Museo de Arte de Lima,</subfield>
    <subfield code="e">host institution.</subfield>
    <subfield code="9">3249</subfield>
  </datafield>
  <datafield tag="906" ind1=" " ind2=" ">
    <subfield code="a">0</subfield>
    <subfield code="b">ibc</subfield>
    <subfield code="c">origres</subfield>
    <subfield code="d">3</subfield>
    <subfield code="e">ncip</subfield>
    <subfield code="f">20</subfield>
    <subfield code="g">y-gencatlg</subfield>
  </datafield>
  <datafield tag="999" ind1=" " ind2=" ">
    <subfield code="c">713</subfield>
    <subfield code="d">713</subfield>
  </datafield>
  <datafield tag="952" ind1=" " ind2=" ">
    <subfield code="0">0</subfield>
    <subfield code="1">0</subfield>
    <subfield code="2">ddc</subfield>
    <subfield code="4">0</subfield>
    <subfield code="7">0</subfield>
    <subfield code="a">LV</subfield>
    <subfield code="b">LV</subfield>
    <subfield code="c">Monograf&#xED;as</subfield>
    <subfield code="d">2015-08-11</subfield>
    <subfield code="l">0</subfield>
    <subfield code="o">708 Z631c</subfield>
    <subfield code="p">004079</subfield>
    <subfield code="r">2015-08-11 00:00:00</subfield>
    <subfield code="w">2015-08-11</subfield>
    <subfield code="y">01</subfield>
  </datafield>
</record>
